[Event "ECCC 2013"]
[Site "Rhodes"]
[Date "2013.10.22"]
[Round "3"]
[White "Weber, Tom"]
[Black "Voss, Gunther"]
[Result "1-0"]
[WhiteElo "2415"]
[BlackElo "2154"]
[PlyCount "67"]
[EventDate "2013.10.20"]
[EventType "team"]
[EventRounds "7"]
[EventCountry "GRE"]
[WhiteTeam "The Smashing Pawns Belvaux"]
[BlackTeam "SV Muelheim Nord 1931"]

1. c4 c5 2. g3 g6 3. Bg2 Bg7 4. Nc3 d6 5. Nf3 Nc6 6. a3 Bxc3 7. bxc3 Qd7 8. a4
b6 9. a5 bxa5 10. Qa4 Bb7 11. Rb1 Rc8 12. d4 Nd8 13. Qxa5 cxd4 14. cxd4 Be4 15.
Ra1 Nc6 16. Qc3 d5 17. O-O f6 18. Rd1 h5 19. cxd5 Qxd5 20. Nh4 Bxg2 21. Nxg2 e5
22. Be3 Rd8 23. Qc2 Nge7 24. dxe5 Qxe5 25. Rxd8+ Kxd8 26. Rd1+ Ke8 27. Nf4 Rg8
28. Qc4 h4 29. Ne6 hxg3 30. hxg3 g5 31. Bc5 g4 32. Bd6 Qf5 33. Nc7+ Kf8 34.
Qxc6 1-0

[Event "ECCC 2013"]
[Site "Rhodes"]
[Date "2013.10.22"]
[Round "3"]
[White "Boemelburg, Raphael"]
[Black "Jeitz, Christian"]
[Result "0-1"]
[WhiteElo "1989"]
[BlackElo "2222"]
[PlyCount "65"]
[EventDate "2013.10.20"]
[EventType "team"]
[EventRounds "7"]
[EventCountry "GRE"]
[WhiteTeam "SV Muelheim Nord 1931"]
[BlackTeam "The Smashing Pawns Belvaux"]

1. e4 c5 2. d3 Nc6 3. Nf3 g6 4. Nbd2 Bg7 5. g3 e5 6. Bg2 Nge7 7. O-O O-O 8. Nh4
d6 9. f4 exf4 10. gxf4 f5 11. Ndf3 Qc7 12. c3 Kh8 13. Bd2 Qb6 14. Qc2 c4+ 15.
d4 fxe4 16. Qxe4 Nf5 17. Qd5 Nxh4 18. Nxh4 Qxb2 19. Rfd1 Bg4 20. Bf3 Bxf3 21.
Nxf3 Qc2 22. Qxc4 Qf5 23. Kh1 Bh6 24. d5 Ne7 25. Rab1 b6 26. Rb4 Rac8 27. Qe4
Nxd5 28. Qxf5 Rxf5 29. Rd4 Nxc3 30. Rc1 Rfc5 31. Rxd6 Ne4 32. Rxc5 bxc5 33. Rd3
0-1

[Event "ECCC 2013"]
[Site "Rhodes"]
[Date "2013.10.22"]
[Round "3"]
[White "Steil-Antoni, Fiona"]
[Black "Grodotzki, Kenneth"]
[Result "1/2-1/2"]
[WhiteElo "2185"]
[BlackElo "1979"]
[PlyCount "88"]
[EventDate "2013.10.20"]
[EventType "team"]
[EventRounds "7"]
[EventCountry "GRE"]
[WhiteTeam "The Smashing Pawns Belvaux"]
[BlackTeam "SV Muelheim Nord 1931"]

1. e4 e6 2. d4 d5 3. Nd2 c5 4. Ngf3 cxd4 5. exd5 exd5 6. Bd3 Nf6 7. O-O Be7 8.
Nxd4 O-O 9. Nf5 Nc6 10. Nxe7+ Qxe7 11. Re1 Qd6 12. h3 Be6 13. Nf3 h6 14. c3
Rfd8 15. Be3 Bd7 16. Nd4 Rac8 17. Bc2 Na5 18. Nf5 Bxf5 19. Bxf5 Ra8 20. Qd4 Nc4
21. Bf4 Qc6 22. Re2 Re8 23. Rc2 Re7 24. g4 Ne4 25. f3 Ng5 26. Bxg5 hxg5 27. Bd3
Ne5 28. Kg2 Rae8 29. Rd1 Qc7 30. Rf2 a6 31. Bc2 Nc4 32. Rg1 Re1 33. Rxe1 Rxe1
34. f4 gxf4 35. Bb3 f3+ 36. Rxf3 Re2+ 37. Rf2 Re4 38. Qd3 Re3 39. Qxd5 Qg3+ 40.
Kf1 Qxh3+ 41. Qg2 Qxg2+ 42. Kxg2 Ne5 43. g5 Kf8 44. Bxf7 Nxf7 1/2-1/2

[Event "ECCC 2013"]
[Site "Rhodes"]
[Date "2013.10.22"]
[Round "3"]
[White "Schlenter, Ruediger"]
[Black "Gengler, Pierre"]
[Result "1-0"]
[WhiteElo "1929"]
[BlackElo "2134"]
[PlyCount "71"]
[EventDate "2013.10.20"]
[EventType "team"]
[EventRounds "7"]
[EventCountry "GRE"]
[WhiteTeam "SV Muelheim Nord 1931"]
[BlackTeam "The Smashing Pawns Belvaux"]

1. Nf3 g6 2. g3 Bg7 3. Bg2 d6 4. c4 f5 5. d4 Nf6 6. O-O O-O 7. b3 Qe8 8. Bb2
Ng4 9. h3 Nh6 10. e3 c6 11. b4 e5 12. dxe5 dxe5 13. Qb3 Nf7 14. Nbd2 Nd7 15.
Rfe1 e4 16. Nd4 Nde5 17. Bf1 h5 18. f4 exf3 19. N2xf3 g5 20. c5 Nxf3+ 21. Nxf3
Be6 22. Qc2 Bd5 23. Bxg7 Kxg7 24. Nd4 Ne5 25. Bg2 Bxg2 26. Kxg2 Qf7 27. Rf1
Qd5+ 28. Kh2 f4 29. gxf4 gxf4 30. Rad1 Nc4 31. Rg1+ Kh8 32. Rg6 Rf7 33. Rh6+
Kg8 34. Ne6 Rf5 35. Rxd5 Nxe3 36. Qxf5 1-0

[Event "ECCC 2013"]
[Site "Rhodes"]
[Date "2013.10.22"]
[Round "3"]
[White "Hewitt, William"]
[Black "Welz, Thomas"]
[Result "1/2-1/2"]
[WhiteElo "2069"]
[BlackElo "2207"]
[PlyCount "80"]
[EventDate "2013.10.20"]
[EventType "team"]
[EventRounds "7"]
[EventCountry "GRE"]
[WhiteTeam "White Knights Chess Club"]
[BlackTeam "Chess Club Eppingen"]

1. e4 Nc6 2. Nf3 g6 3. d4 Bg7 4. Nc3 d6 5. h3 Nf6 6. Be3 O-O 7. Qd2 e5 8. d5
Ne7 9. O-O-O Kh8 10. g4 Neg8 11. Ng1 Ne8 12. Nge2 f5 13. gxf5 gxf5 14. exf5
Bxf5 15. Ng3 Bg6 16. h4 Ne7 17. Bg5 Bf6 18. h5 Bxg5 19. Qxg5 Bf5 20. Rg1 Rg8
21. Qe3 Nf6 22. f4 Ng4 23. Qe2 Bd7 24. fxe5 Nxe5 25. Qe3 Bg4 26. Be2 Bxe2 27.
Ngxe2 Qf8 28. Nd4 Ng4 29. Qe6 Qf6 30. Rgf1 Qxe6 31. Nxe6 Ne3 32. Rf7 Nxd1 33.
Kxd1 Rg1+ 34. Kd2 Ng8 35. Ne4 Re8 36. N4g5 Re7 37. Rxe7 Nxe7 38. Nf7+ Kg8 39.
Nh6+ Kh8 40. Nf7+ Kg8 1/2-1/2

[Event "ECCC 2013"]
[Site "Rhodes"]
[Date "2013.10.22"]
[Round "3"]
[White "Wenner, Tobias"]
[Black "Garcia, Jason"]
[Result "1-0"]
[WhiteElo "2147"]
[BlackElo "2044"]
[PlyCount "93"]
[EventDate "2013.10.20"]
[EventType "team"]
[EventRounds "7"]
[EventCountry "GRE"]
[WhiteTeam "Chess Club Eppingen"]
[BlackTeam "White Knights Chess Club"]

1. Nf3 Nf6 2. c4 c6 3. g3 d5 4. Bg2 Bf5 5. cxd5 cxd5 6. Qb3 Qc8 7. Nc3 e6 8. d3
Nbd7 9. Bf4 Nc5 10. Qd1 a6 11. Rc1 Qd8 12. b4 Ncd7 13. a3 Be7 14. O-O O-O 15.
Qb3 Rc8 16. Rfe1 Bg4 17. h3 Bxf3 18. Bxf3 Qb6 19. Be3 d4 20. Na4 Qa7 21. Bf4 e5
22. Bd2 b5 23. Nb2 Qb8 24. a4 Rxc1 25. Rxc1 Rc8 26. Rc6 Rxc6 27. Bxc6 h6 28.
Qa2 Qc7 29. axb5 axb5 30. Bxb5 Qc2 31. Qa8+ Kh7 32. Nc4 Nb6 33. Nxb6 Qxd2 34.
Nd5 Bxb4 35. Nxf6+ gxf6 36. Qe4+ Kg7 37. Bc4 Qg5 38. Qb7 Bc3 39. Bxf7 Kh8 40.
Qc8+ Kh7 41. h4 Qg7 42. Bd5 h5 43. Be4+ Kh6 44. Qe8 Be1 45. Bf3 Qg6 46. Qh8+
Qh7 47. Qxf6+ 1-0

[Event "ECCC 2013"]
[Site "Rhodes"]
[Date "2013.10.22"]
[Round "3"]
[White "May, Adam J"]
[Black "Dekan, Hans"]
[Result "0-1"]
[WhiteElo "1888"]
[BlackElo "2172"]
[PlyCount "70"]
[EventDate "2013.10.20"]
[EventType "team"]
[EventRounds "7"]
[EventCountry "GRE"]
[WhiteTeam "White Knights Chess Club"]
[BlackTeam "Chess Club Eppingen"]

1. c4 e5 2. g3 Nf6 3. Bg2 Bc5 4. Nc3 O-O 5. e3 Nc6 6. a3 a5 7. Nge2 d6 8. O-O
Bg4 9. h3 Bh5 10. b3 Re8 11. d3 Rb8 12. Nd5 Nxd5 13. cxd5 Ne7 14. g4 Bg6 15. d4
exd4 16. Nxd4 Nc8 17. Bb2 Nb6 18. Bc3 Nd7 19. Kh1 Bb6 20. Qd2 Nf6 21. Nf5 Bxf5
22. gxf5 Ne4 23. Bxe4 Rxe4 24. Rg1 g6 25. Rg3 Qh4 26. Bb2 Rbe8 27. Qc3 R8e5 28.
b4 a4 29. Rag1 Kf8 30. fxg6 hxg6 31. Qe1 Rxd5 32. f4 Rd3 33. Kh2 Bxe3 34. Rxe3
Qxf4+ 35. Qg3 Qxe3 0-1

[Event "ECCC 2013"]
[Site "Rhodes"]
[Date "2013.10.22"]
[Round "3"]
[White "Evans, Nicholas Thomas"]
[Black "Gass, Ulrich"]
[Result "1/2-1/2"]
[WhiteElo "1778"]
[BlackElo "2116"]
[PlyCount "129"]
[EventDate "2013.10.20"]
[EventType "team"]
[EventRounds "7"]
[EventCountry "GRE"]
[WhiteTeam "White Knights Chess Club"]
[BlackTeam "Chess Club Eppingen"]

1. d4 Nf6 2. c4 c5 3. d5 b5 4. cxb5 a6 5. bxa6 Bxa6 6. Nc3 Qa5 7. Bd2 Qb6 8.
Qc2 g6 9. Nf3 d6 10. e4 Bxf1 11. Kxf1 Nbd7 12. g3 Bg7 13. Kg2 O-O 14. a4 Rfb8
15. Nb5 Ne8 16. Bg5 Nc7 17. Nxc7 Qxc7 18. Rab1 Ra7 19. b3 Rab7 20. Nd2 e6 21.
dxe6 fxe6 22. Rhd1 d5 23. exd5 exd5 24. Bf4 Be5 25. Bxe5 Qxe5 26. Nf3 Qd6 27.
Qd3 Nf6 28. Re1 d4 29. Nd2 Kg7 30. Nc4 Qd5+ 31. Kg1 Qg8 32. Re2 Nd5 33. Reb2
Nc3 34. Ra1 Rxb3 35. Rxb3 Rxb3 36. a5 Qe6 37. Nd2 Ne2+ 38. Qxe2 Qxe2 39. Nxb3
Qb2 40. a6 d3 41. a7 Qxa1+ 42. Nxa1 d2 43. a8=Q d1=Q+ 44. Kg2 c4 45. Qa7+ Kg8
46. Qb8+ Kg7 47. Qe5+ Kg8 48. Qc3 Qd5+ 49. f3 g5 50. Nc2 g4 51. Na3 gxf3+ 52.
Kf2 Qc5+ 53. Kxf3 Qh5+ 54. Kg2 Qe2+ 55. Kg1 Qd1+ 56. Kf2 h5 57. Nxc4 Qh1 58. h4
Qh2+ 59. Kf3 Qh1+ 60. Kf4 Qf1+ 61. Kg5 Qf7 62. Nd6 Qe7+ 63. Qf6 Qe3+ 64. Kxh5
Qh6+ 65. Qxh6 1/2-1/2

[Event "ECCC 2013"]
[Site "Rhodes"]
[Date "2013.10.22"]
[Round "3"]
[White "Driessens, Patrick"]
[Black "Sanduleac, Vasile"]
[Result "0-1"]
[WhiteElo "2311"]
[BlackElo "2423"]
[PlyCount "60"]
[EventDate "2013.10.20"]
[EventType "team"]
[EventRounds "7"]
[EventCountry "GRE"]
[WhiteTeam "SV Voerendaal / KNSB"]
[BlackTeam "Adare"]

1. Nf3 d6 2. d4 Nf6 3. c4 Nbd7 4. Nc3 e5 5. e4 Be7 6. Be2 O-O 7. O-O c6 8. Qc2
Re8 9. Rd1 Qc7 10. Rb1 Bf8 11. b4 exd4 12. Nxd4 a6 13. a3 Ne5 14. Bg5 Nfd7 15.
Rbc1 Ng6 16. f3 h6 17. Be3 Nf6 18. Bf1 a5 19. b5 d5 20. bxc6 dxe4 21. Ndb5 Qxc6
22. Nxe4 Nxe4 23. fxe4 Rxe4 24. Qf2 Bg4 25. Rd5 Rae8 26. Re1 Be6 27. Nd4 Qa4
28. Nxe6 R4xe6 29. Qd2 Qxa3 30. Rxa5 Qb4 0-1

[Event "ECCC 2013"]
[Site "Rhodes"]
[Date "2013.10.22"]
[Round "3"]
[White "Fox, Anthony"]
[Black "Ciornei, Dragos"]
[Result "1/2-1/2"]
[WhiteElo "2086"]
[BlackElo "2167"]
[PlyCount "89"]
[EventDate "2013.10.20"]
[EventType "team"]
[EventRounds "7"]
[EventCountry "GRE"]
[WhiteTeam "Adare"]
[BlackTeam "SV Voerendaal / KNSB"]

1. e4 e5 2. Nf3 Nc6 3. Bb5 f5 4. Nc3 fxe4 5. Nxe4 Nf6 6. Nxf6+ Qxf6 7. Qe2 Be7
8. Bxc6 dxc6 9. Nxe5 O-O 10. O-O Bd6 11. d4 c5 12. c3 cxd4 13. cxd4 c5 14. Be3
Bxe5 15. dxe5 Qxe5 16. Qc4+ Be6 17. Qxc5 Qxc5 18. Bxc5 Rfd8 19. Be3 a6 20. a3
Rac8 21. Rac1 Rxc1 22. Rxc1 Bb3 23. h4 Rd1+ 24. Rxd1 Bxd1 25. f3 h5 26. Kf2 Kf7
27. Kg3 Be2 28. Kf4 g6 29. g4 hxg4 30. fxg4 Kg7 31. Kg5 Kh7 32. Bd4 Bd1 33. h5
gxh5 34. gxh5 Be2 35. h6 Bd3 36. Be3 Bb5 37. Kf6 Bc6 38. Ke5 Bg2 39. Kd6 Bf3
40. Kc7 Bg2 41. Kb6 Bf3 42. b4 Bg2 43. a4 Bf3 44. b5 axb5 45. axb5 1/2-1/2

[Event "ECCC 2013"]
[Site "Rhodes"]
[Date "2013.10.22"]
[Round "3"]
[White "Merx, Bob"]
[Black "Heinrich, Jan"]
[Result "0-1"]
[WhiteElo "2129"]
[BlackElo "2040"]
[PlyCount "102"]
[EventDate "2013.10.20"]
[EventType "team"]
[EventRounds "7"]
[EventCountry "GRE"]
[WhiteTeam "SV Voerendaal / KNSB"]
[BlackTeam "Adare"]

1. e4 Nf6 2. e5 Nd5 3. d4 d6 4. c4 Nb6 5. exd6 cxd6 6. Nc3 g6 7. Nf3 Bg7 8. Be2
O-O 9. h3 Nc6 10. O-O Bf5 11. b3 e5 12. Be3 d5 13. cxd5 Nxd5 14. Nxd5 Qxd5 15.
dxe5 Qxd1 16. Raxd1 Nxe5 17. Nxe5 Bxe5 18. Bf3 Rfb8 19. Rd5 f6 20. Rb5 Bd3 21.
Rxb7 Bxf1 22. Bd5+ Kh8 23. Kxf1 Rxb7 24. Bxb7 Rb8 25. Bd5 Rd8 26. Bc4 Bd4 27.
Bh6 Bc3 28. h4 Bd2 29. Bxd2 Rxd2 30. a4 a5 31. g3 Kg7 32. Kg2 h6 33. Kf3 Kf8
34. Ke3 Rd8 35. Ke4 Ke7 36. Bd5 Kd6 37. Kd4 Rb8 38. g4 g5 39. h5 Re8 40. Be4
Rc8 41. Bd3 Rc5 42. Be4 Rc1 43. f3 Rc5 44. Bd3 Re5 45. Be4 Rc5 46. Ba8 f5 47.
Bb7 fxg4 48. fxg4 Rc1 49. Ba6 Rc2 50. Bb7 Rf2 51. Bc8 Rf4+ 0-1

[Event "ECCC 2013"]
[Site "Rhodes"]
[Date "2013.10.22"]
[Round "3"]
[White "O`donoghue, Denis J"]
[Black "Zimmermann, Luc"]
[Result "1-0"]
[WhiteElo "1981"]
[BlackElo "2102"]
[PlyCount "68"]
[EventDate "2013.10.20"]
[EventType "team"]
[EventRounds "7"]
[EventCountry "GRE"]
[WhiteTeam "Adare"]
[BlackTeam "SV Voerendaal / KNSB"]

1. d4 Nf6 2. Nf3 g6 3. c4 Bg7 4. Nc3 d5 5. Qb3 dxc4 6. Qxc4 O-O 7. e4 Nc6 8. e5
Nd7 9. Be3 Nb6 10. Qd3 Be6 11. Qd2 a5 12. h4 Bc4 13. h5 Bxf1 14. Kxf1 Nc4 15.
Qe2 Nxe3+ 16. Qxe3 Nb4 17. Qe4 e6 18. hxg6 fxg6 19. Qg4 Rf5 20. Nh4 Nc2 21.
Nxf5 gxf5 22. Qh5 Nxa1 23. Qxh7+ Kf8 24. d5 Qg5 25. dxe6 Qc1+ 26. Ke2 Qxb2+ 27.
Kf1 Qc1+ 28. Ke2 Qc2+ 29. Kf1 Qd3+ 30. Kg1 Re8 31. Rh5 Rxe6 32. Rxf5+ Ke8 33.
Qg8+ Kd7 34. Qh7 Ke8 1-0

[Event "ECCC 2013"]
[Site "Rhodes"]
[Date "2013.10.22"]
[Round "3"]
[White "Van Der Zwet, Bart"]
[Black "Murchadha, Oissine"]
[Result "0-1"]
[WhiteElo "2091"]
[BlackElo "1861"]
[PlyCount "140"]
[EventDate "2013.10.20"]
[EventType "team"]
[EventRounds "7"]
[EventCountry "GRE"]
[WhiteTeam "SV Voerendaal / KNSB"]
[BlackTeam "Adare"]

1. c4 f5 2. g3 Nf6 3. d4 g6 4. Bg2 Bg7 5. Nf3 O-O 6. b4 d6 7. Bb2 e5 8. dxe5
Nfd7 9. O-O Nc6 10. Qb3 dxe5 11. c5+ Kh8 12. Nbd2 e4 13. Bxg7+ Kxg7 14. Ne1 Nd4
15. Qd1 Qf6 16. Nc2 Nxc2 17. Qxc2 Ne5 18. Nc4 Be6 19. Nxe5 Qxe5 20. Rad1 Rad8
21. e3 h5 22. h4 g5 23. hxg5 Kg6 24. a3 Kxg5 25. Rxd8 Rxd8 26. Rd1 Rh8 27. Qd2
Kf6 28. Qd4 Qxd4 29. Rxd4 Ke5 30. Kf1 Bd5 31. Bh3 c6 32. Bg2 h4 33. Kg1 b6 34.
Bf1 hxg3 35. fxg3 b5 36. Be2 Rg8 37. Kf2 Rh8 38. Kg1 Rg8 39. Kf2 Ra8 40. Rd2 a5
41. Bd1 axb4 42. axb4 Ra1 43. Bh5 Rb1 44. Rd4 Rb2+ 45. Kg1 Kf6 46. Kf1 Kg5 47.
Be2 Bc4 48. Bxc4 bxc4 49. Rxc4 Kg4 50. b5 Rxb5 51. Rc2 Kxg3 52. Rg2+ Kf3 53.
Rf2+ Kxe3 54. Rxf5 Kd4 55. Ke2 Rxc5 56. Rf8 Rc2+ 57. Kd1 Ra2 58. Rd8+ Ke3 59.
Rc8 Ra1+ 60. Kc2 Ke2 61. Rxc6 e3 62. Rh6 Rf1 63. Rh7 Rf5 64. Rh2+ Rf2 65. Rh3
Rf3 66. Rh2+ Rf2 67. Rh3 Ke1+ 68. Kd3 e2 69. Rh1+ Rf1 70. Rh3 Kd1 0-1

[Event "ECCC 2013"]
[Site "Rhodes"]
[Date "2013.10.22"]
[Round "3"]
[White "Mirza, Gabriel"]
[Black "Winkels, Marcel"]
[Result "0-1"]
[WhiteElo "1735"]
[BlackElo "2002"]
[PlyCount "128"]
[EventDate "2013.10.20"]
[EventType "team"]
[EventRounds "7"]
[EventCountry "GRE"]
[WhiteTeam "Adare"]
[BlackTeam "SV Voerendaal / KNSB"]

1. b4 e5 2. Bb2 d6 3. c4 f5 4. e3 Nf6 5. Nf3 Be7 6. Qb3 e4 7. Nd4 Nc6 8. b5
Nxd4 9. Bxd4 Be6 10. Qc2 c6 11. a4 O-O 12. Be2 c5 13. Bb2 d5 14. cxd5 Nxd5 15.
Bc4 Bf7 16. Bxd5 Qxd5 17. O-O Rad8 18. Rd1 Bh5 19. Rc1 Bf7 20. Bc3 Be6 21. g3
Qd7 22. Qb2 Rf7 23. b6 a6 24. Be5 Bd6 25. Ra3 Bf8 26. Bc7 Re8 27. Qc2 f4 28.
exf4 Bg4 29. Qc4 Bf3 30. h4 Qh3 31. Rxf3 exf3 32. Qf1 Qd7 33. a5 Rfe7 34. Be5
Re6 35. Qc4 Kh8 36. Kh2 Qc6 37. Nc3 Bd6 38. Bxd6 Qxd6 39. Nd5 Re2 40. Rf1 Rxd2
41. Nc3 Qd4 42. Qf7 Qd7 43. Qh5 Qc6 44. f5 Red8 45. Qf7 Qd7 46. Qh5 Qd3 47. Re1
Rxf2+ 48. Kh3 Qd7 49. Rd1 Qe8 50. Rd6 Qf8 51. Re6 Rf1 52. g4 f2 53. Kg2 Rc1 54.
Nd1 f1=Q+ 55. Kxf1 Rcxd1+ 56. Ke2 R1d6 57. Re3 Rd2+ 58. Ke1 R2d5 59. Re6 c4 60.
Qg5 Qb4+ 61. Kf2 Qd2+ 62. Re2 Qxg5 63. hxg5 Rd2 64. Kf3 Rxe2 0-1

[Event "ECCC 2013"]
[Site "Rhodes"]
[Date "2013.10.23"]
[Round "4"]
[White "Bartel, Mateusz"]
[Black "Riazantsev, Alexander"]
[Result "1-0"]
[WhiteElo "2638"]
[BlackElo "2697"]
[PlyCount "65"]
[EventDate "2013.10.20"]
[EventType "team"]
[EventRounds "7"]
[EventCountry "GRE"]
[WhiteTeam "G-Team Novy Bor"]
[BlackTeam "Malachite"]

1. e4 c6 2. Nc3 d5 3. Nf3 Nf6 4. e5 Ne4 5. Ne2 Qb6 6. d4 e6 7. Nfg1 f6 8. f3
Ng5 9. exf6 gxf6 10. f4 Nf7 11. Nf3 Be7 12. c4 dxc4 13. Nc3 Nd6 14. Nh4 Na6 15.
Qh5+ Nf7 16. Bxc4 Nb4 17. Nf5 Nc2+ 18. Kd1 Nxd4 19. Nxe7 Kxe7 20. b3 Nb5 21.
Nxb5 cxb5 22. Qxb5 Qd4+ 23. Kc2 Nd6 24. Ba3 Qe4+ 25. Kb2 Qd4+ 26. Kc2 Qe4+ 27.
Bd3 Qxf4 28. Rhf1 Qxh2 29. Rad1 Bd7 30. Qxb7 Rac8+ 31. Bc4 Rc6 32. Rxd6 Rxd6
33. Rd1 1-0

[Event "ECCC 2013"]
[Site "Rhodes"]
[Date "2013.10.23"]
[Round "4"]
[White "Movsesian, Sergei"]
[Black "Rublevsky, Sergei"]
[Result "1/2-1/2"]
[WhiteElo "2696"]
[BlackElo "2695"]
[PlyCount "116"]
[EventDate "2013.10.20"]
[EventType "team"]
[EventRounds "7"]
[EventCountry "GRE"]
[WhiteTeam "Saint-Petersburg"]
[BlackTeam "Ugra"]

1. c4 e5 2. g3 Nf6 3. Bg2 d5 4. cxd5 Nxd5 5. Nc3 Nb6 6. Nf3 Nc6 7. O-O Be7 8.
d3 O-O 9. a3 Be6 10. Be3 Nd5 11. Nxd5 Bxd5 12. Qa4 Re8 13. Rac1 a6 14. Rfd1 Rb8
15. Qc2 Bd6 16. Nd2 Bxg2 17. Kxg2 Nd4 18. Bxd4 exd4 19. Ne4 c6 20. Qc4 Bf8 21.
Re1 Qd7 22. b4 Re5 23. Rc2 Rbe8 24. e3 Rd5 25. Rce2 h6 26. h4 Rd8 27. Nc5 b5
28. Qc2 Bxc5 29. e4 Rh5 30. bxc5 g5 31. f3 gxh4 32. g4 Rg5 33. Rh1 Qe7 34. Qc1
Rdd5 35. Rxh4 Rxc5 36. Qh1 h5 37. Kg3 Rc3 38. Rd2 Qc5 39. f4 Rc1 40. Qh2 Rxg4+
41. Rxg4+ hxg4 42. Qh4 Rg1+ 43. Kf2 g3+ 44. Kf3 Qd6 45. Rg2 Rxg2 46. Kxg2 c5
47. Qg4+ Kh7 48. Qh5+ Kg7 49. Qg5+ Kf8 50. f5 f6 51. Qh6+ Ke8 52. Qg6+ Kd8 53.
Qf7 Kc8 54. Kh3 Kb8 55. a4 bxa4 56. Qe8+ Kc7 57. Qxa4 Qf4 58. Qxa6 Qf1+ 1/2-1/2

[Event "ECCC 2013"]
[Site "Rhodes"]
[Date "2013.10.23"]
[Round "4"]
[White "Efimenko, Zahar"]
[Black "Khismatullin, Denis"]
[Result "1/2-1/2"]
[WhiteElo "2661"]
[BlackElo "2656"]
[PlyCount "93"]
[EventDate "2013.10.20"]
[EventType "team"]
[EventRounds "7"]
[EventCountry "GRE"]
[WhiteTeam "Saint-Petersburg"]
[BlackTeam "Ugra"]

1. e4 c5 2. Nf3 d6 3. d4 cxd4 4. Nxd4 Nf6 5. Nc3 a6 6. Be2 e5 7. Nb3 Be7 8. O-O
O-O 9. Be3 Be6 10. Qd2 Nbd7 11. a4 Qc7 12. a5 Rac8 13. Rfd1 h6 14. Qe1 Qc6 15.
Bf3 Rfe8 16. Nc1 Qc7 17. N1e2 Bf8 18. Ng3 b5 19. axb6 Nxb6 20. Be2 d5 21. Bxa6
d4 22. Nb5 Qxc2 23. Bxd4 exd4 24. Nxd4 Qc7 25. Nxe6 Rxe6 26. Rac1 Rc6 27. Rxc6
Qxc6 28. Bxc8 Qxc8 29. e5 Nfd5 30. Qe4 Qe6 31. h3 g6 32. f4 Ne7 33. Rd6 Qb3 34.
Kh2 Qxb2 35. Rd8 Qc1 36. Qb7 Nec8 37. f5 gxf5 38. Nh5 Qc5 39. Nf6+ Kg7 40. Nh5+
Kg8 41. Re8 Ne7 42. Qb8 Nec8 43. Qb7 Ne7 44. Nf6+ Kg7 45. Nh5+ Kg8 46. Nf6+ Kg7
47. Nh5+ 1/2-1/2

[Event "ECCC 2013"]
[Site "Rhodes"]
[Date "2013.10.23"]
[Round "4"]
[White "Guseinov, Gadir"]
[Black "Ragger, Markus"]
[Result "1/2-1/2"]
[WhiteElo "2603"]
[BlackElo "2668"]
[PlyCount "71"]
[EventDate "2013.10.20"]
[EventType "team"]
[EventRounds "7"]
[EventCountry "GRE"]
[WhiteTeam "Odlar Yurdu"]
[BlackTeam "Schachclub MPO Maria Saal"]

1. e4 e5 2. Nf3 Nc6 3. Bb5 a6 4. Bxc6 dxc6 5. O-O f6 6. d4 exd4 7. Nxd4 c5 8.
Nb3 Qxd1 9. Rxd1 Bg4 10. f3 Bd7 11. Bf4 O-O-O 12. Nc3 c4 13. Na5 b5 14. Nd5
Bc5+ 15. Kh1 Ne7 16. Bxc7 Nxd5 17. Bxd8 Ne3 18. Nb7 Nxd1 19. Nxc5 Nf2+ 20. Kg1
Nxe4 21. fxe4 Rxd8 22. Rd1 Bc6 23. Rxd8+ Kxd8 24. Kf2 Ke7 25. Ke3 a5 26. g3 Kd6
27. Kd4 a4 28. c3 Be8 29. Na6 Bd7 30. Nb4 Be6 31. Nc2 Bd7 32. Ne3 h5 33. Nd5
Be6 34. Ne3 Bd7 35. Nd5 Be6 36. Ne3 1/2-1/2

[Event "ECCC 2013"]
[Site "Rhodes"]
[Date "2013.10.23"]
[Round "4"]
[White "Buhmann, Rainer"]
[Black "Durarbayli, Vasif"]
[Result "0-1"]
[WhiteElo "2582"]
[BlackElo "2548"]
[PlyCount "86"]
[EventDate "2013.10.20"]
[EventType "team"]
[EventRounds "7"]
[EventCountry "GRE"]
[WhiteTeam "Schachclub MPO Maria Saal"]
[BlackTeam "Odlar Yurdu"]

1. d4 Nf6 2. c4 e6 3. Nf3 b6 4. g3 Bb7 5. Bg2 Be7 6. O-O O-O 7. d5 exd5 8. Nh4
c6 9. cxd5 Nxd5 10. Nf5 Nc7 11. Nc3 d5 12. e4 Bf6 13. exd5 Nxd5 14. Nxd5 cxd5
15. Bf4 Qd7 16. Bh3 Kh8 17. Qh5 Bc8 18. Rfe1 Qd8 19. Nd6 Bxh3 20. Re8 Qxd6 21.
Bxd6 Rxe8 22. Qxh3 Re6 23. Bf4 Nc6 24. Rd1 Rd8 25. b3 d4 26. Qf5 Nb4 27. Bd2
Nxa2 28. Ra1 Nc3 29. Rxa7 Ne4 30. Rxf7 Re5 31. Qd7 Ree8 32. Qc6 Kg8 33. Rxf6
Nxf6 34. Bg5 d3 35. Qc4+ Kh8 36. Bxf6 d2 37. Bxg7+ Kxg7 38. Qc7+ Kg6 39. Qc6+
Kf7 40. Qc7+ Re7 41. Qf4+ Ke8 42. Qa4+ Rdd7 43. Qa8+ Kf7 0-1

[Event "ECCC 2013"]
[Site "Rhodes"]
[Date "2013.10.23"]
[Round "4"]
[White "Mamedov, Nidjat"]
[Black "Kreisl, Robert"]
[Result "1-0"]
[WhiteElo "2612"]
[BlackElo "2408"]
[PlyCount "87"]
[EventDate "2013.10.20"]
[EventType "team"]
[EventRounds "7"]
[EventCountry "GRE"]
[WhiteTeam "Odlar Yurdu"]
[BlackTeam "Schachclub MPO Maria Saal"]

1. e4 c6 2. d4 d5 3. e5 Bf5 4. Nf3 e6 5. Be2 Bg6 6. O-O Ne7 7. Nbd2 Nf5 8. Nb3
Nd7 9. Bd2 Be7 10. Ba5 b6 11. Bd2 a5 12. a4 h5 13. c4 dxc4 14. Bxc4 h4 15. h3
Bh5 16. Re1 g5 17. Be2 Rc8 18. Rc1 Nf8 19. Nh2 Bxe2 20. Qxe2 Ng6 21. Nf3 Nf4
22. Bxf4 gxf4 23. Qe4 Qd5 24. Nbd2 Rg8 25. Qxf4 Rd8 26. Ne4 Rg6 27. Rcd1 Qb3
28. Nf6+ Kf8 29. Nxh4 Nxh4 30. Qxh4 Bxf6 31. exf6 Kg8 32. Rc1 Qxb2 33. Rc4 Qb3
34. d5 Rxd5 35. Rxc6 Qd3 36. Rc8+ Rd8 37. Rc4 Qd2 38. Re3 Qd1+ 39. Kh2 Qd6+ 40.
Rg3 Qe5 41. Rcg4 Rf8 42. f4 Qf5 43. Qh6 Qxg4 44. Rxg4 1-0

[Event "ECCC 2013"]
[Site "Rhodes"]
[Date "2013.10.23"]
[Round "4"]
[White "Halvax, Georg"]
[Black "Rasulov, Vugar"]
[Result "0-1"]
[WhiteElo "2326"]
[BlackElo "2514"]
[PlyCount "86"]
[EventDate "2013.10.20"]
[EventType "team"]
[EventRounds "7"]
[EventCountry "GRE"]
[WhiteTeam "Schachclub MPO Maria Saal"]
[BlackTeam "Odlar Yurdu"]

1. e4 c5 2. Nf3 d6 3. d4 cxd4 4. Nxd4 Nf6 5. Nc3 a6 6. Be3 e6 7. g4 h6 8. Qf3
Nbd7 9. Qh3 Nc5 10. f3 g6 11. O-O-O Qc7 12. Nb3 b5 13. Qg3 Na4 14. Rd3 Nd7 15.
Nxa4 bxa4 16. Rc3 Qd8 17. Nd4 Nc5 18. Nc6 Qb6 19. Bd4 f6 20. Bxf6 Rh7 21. Nd4
Rb8 22. Kd2 Nd7 23. Qh4 Rf7 24. Bh8 Rh7 25. Nxe6 Be7 26. Qg3 Rxh8 27. Nc7+ Kf8
28. Ne6+ Kg8 29. Bc4 Ne5 30. Bd5 Bxe6 31. Bxe6+ Kg7 32. f4 Rhf8 33. h4 Qd4+ 34.
Kc1 Qxe4 35. Rf1 Qb4 36. b3 axb3 37. Rxb3 Qd4 38. Rd1 Rxb3 39. Qxb3 Qxf4+ 40.
Kb1 Qf3 41. c3 Rb8 42. Qxb8 Qxd1+ 43. Kb2 Nd3+ 0-1

[Event "ECCC 2013"]
[Site "Rhodes"]
[Date "2013.10.23"]
[Round "4"]
[White "Abasov, Nijat"]
[Black "Hartl, Daniel"]
[Result "1-0"]
[WhiteElo "2505"]
[BlackElo "2289"]
[PlyCount "73"]
[EventDate "2013.10.20"]
[EventType "team"]
[EventRounds "7"]
[EventCountry "GRE"]
[WhiteTeam "Odlar Yurdu"]
[BlackTeam "Schachclub MPO Maria Saal"]

1. e4 e5 2. Nf3 Nc6 3. Bb5 a6 4. Bxc6 dxc6 5. O-O f6 6. d4 exd4 7. Nxd4 c5 8.
Ne2 Qxd1 9. Rxd1 Bd7 10. Be3 O-O-O 11. Nbc3 b6 12. a4 a5 13. Rd2 Bd6 14. Bf4
Bxf4 15. Nxf4 Ne7 16. Rad1 Ng6 17. Nxg6 hxg6 18. Nd5 Rhe8 19. f3 Bxa4 20. Ne7+
Rxe7 21. Rxd8+ Kb7 22. Kf2 c4 23. Ke3 Bxc2 24. R1d7 Re6 25. Rxg7 f5 26. Rdd7
fxe4 27. Rxc7+ Ka6 28. Rxc4 exf3+ 29. Kxf3 Bb3 30. Rd4 Kb5 31. Kf4 Kc5 32. Rd2
Kb4 33. Kg5 b5 34. Rxg6 Re5+ 35. Kf4 Rc5 36. Rg5 Rc4+ 37. Ke3 1-0